000
00303nam a2200133Ia 4500
100
_a
Feigenbaum/ A.V.
942
_c
RB
654
_a
management
245
_a
Total quality control Engg. & management
260
_b
McGraw Hill
_a
New York
_c
1961
082
_a
658.56
300
_a
627
546
_a
ENGLISH
999
_c
22018
_d
22018